|
|
|
|
| LEADER |
00989nam a2200253 a 4500 |
| 001 |
GR-MES15853 |
| 008 |
101018s mau b 001 0 eng d |
| 020 |
|
|
|a 0618794190
|
| 020 |
|
|
|a 9780618794
|
| 040 |
|
|
|a GrPaTEI
|b gre
|c GR-PaULI
|
| 040 |
|
|
|a GrPaTEI
|b gre
|c GR-PaULI
|
| 082 |
|
0 |
|a 658.3
|2 21
|
| 100 |
1 |
|
|a DeNisi, Angelo S.
|
| 245 |
1 |
0 |
|a Human resource management /
|c Angelo S. DeNisi ; Ricky W. Griffin.
|
| 250 |
|
|
|a 3rd ed.
|
| 260 |
|
|
|a Boston
|a New York :
|b Houghton Mifflin,
|c c2008
|
| 300 |
|
|
|a xxvi, 550 σ. :
|b έγχρ. εικ. ;
|c 24εκ.
|
| 504 |
|
|
|a Περιλαμβάνει βιβλιογραφίες και ευρετήρια.
|
| 650 |
|
0 |
|a Personnel management
|
| 700 |
1 |
|
|a Griffin, Ricky W.
|
| 942 |
|
|
|2 ddc
|
| 952 |
|
|
|0 0
|1 0
|2 ddc
|4 0
|6 658_300000000000000_DEN
|7 0
|9 273509
|a MSLG
|b MSLG
|c BSC
|d 2021-01-17
|e 24
|f 0
|g 0.00
|l 0
|o 658.3 DEN
|p 2420000024629
|r 2021-01-17 00:00:00
|t 1
|w 2021-01-17
|y BK15
|x 20101018 0 1
|x GrPaTEI
|
| 971 |
|
|
|a .b25819021
|b 15-04-20
|c 13-09-16
|
| 999 |
|
|
|c 158430
|d 158430
|